| 000 | 00578nam a22002177a 4500 | ||
|---|---|---|---|
| 003 | UA-OsUOA | ||
| 001 | 38408 | ||
| 007 | ta | ||
| 008 | 20060505b un ||||| |||| 00| 0 ukr d | ||
| 100 | _aШеффер Питер | ||
| 090 |
_a82 _bШ11 |
||
| 942 | _cSA | ||
| 040 |
_aUA-OsUOA _brus _cUA-OsUOA _dUA-OsUOA |
||
| 245 | _aСоглядатай | ||
| 300 | _a3-69 с. | ||
| 955 | _a0 | ||
| 041 | _arus | ||
| 080 | _a82 | ||
| 773 | 0 |
_w38407 _tИностранная литература _dМ. _d2006 _g4 |
|
| 650 | 7 |
_a82 Література. Літературознавство _2UDC |
|
| 999 |
_c324561 _d324561 |
||